Statistics for NBA All-Star Game MVPs

Click here to take the quiz!

General Stats

  • This quiz has been taken 3,016 times
    (865 since last reset)
  • The average score is 35 of 55

Answer Stats

#Player% Correct
3LeBron James
99%
1Stephen Curry
99%
1Giannis Antetokounmpo
98%
4Kobe Bryant
98%
3Michael Jordan
98%
1Kevin Durant
97%
3Shaquille O'Neal
96%
1Jerry West
95%
2Russell Westbrook
95%
1Jayson Tatum
94%
1Kyrie Irving
94%
1Damian Lillard
93%
1Dwyane Wade
93%
1Tim Duncan
93%
2Allen Iverson
92%
1Kawhi Leonard
92%
2Julius Erving
91%
2Karl Malone
91%
1Kevin Garnett
91%
2Magic Johnson
91%
1Anthony Davis
90%
1Scottie Pippen
90%
1Larry Bird
88%
1Chris Paul
87%
1John Stockton
87%
1Wilt Chamberlain
85%
2Isiah Thomas
80%
1Bill Russell
78%
3Oscar Robertson
69%
2Bob Cousy
66%
1Charles Barkley
65%
4Bob Pettit
63%
1David Thompson
59%
1George Gervin
51%
1Elgin Baylor
46%
1George Mikan
46%
1Willis Reed
44%
1Walt Frazier
43%
1Rick Barry
40%
1Glen Rice
34%
1Dave Cowens
31%
1Ralph Sampson
31%
1Lenny Wilkens
26%
1Mitch Richmond
26%
1Nate Archibald
23%
1Paul Arizin
21%
1Adrian Smith
20%
1Hal Greer
20%
1Randy Smith
20%
1Bob Lanier
18%
1Jerry Lucas
16%
1Dave Bing
14%
1Tom Chambers
14%
1Bill Sharman
13%
1Ed Macauley
7%

Score Distribution

Percentile by Number Answered

Percent of People with Each Score

Your Score History

You have not taken this quiz since the last reset